000 00681nam a22002417a 4500
001 BR3800077
003 BR-BrBNA
005 20230928082902.0
007 ta
008 230509b bl.||||| |||| 00| 0 por d
040 _aBR-BrBNA
_bpor
_cBiblioteca Nacional de Agricultura
041 _a(Por)
072 _aD50
_b/G514
090 _ D50 BR3800077
100 1 _aCastagnino, A.S. (comp.)
245 1 _aRepositorio a legislacao brasileira do Estado Novo [agricultura]
_bv. 11-15
260 3 _aRio de Janeiro, GB (Brasil):
_bA. Coelho Branco,
_c1938.
300 _avp.
500 _a[ca. 700]p.
650 _aLEGISLACAO
909 _a202309
_bLucia
_c55
_dLucia Elande
942 _cBK
999 _c10442
_d10442